Logo BPK

Biblioteka

Politechniki Koszalińskiej

Bausteine zur deutschen Literaturgeschichte : (Rekord nr 50312)

Szczegóły MARC
000 -ETYKIETA REKORDU
podpole kontrolne o stałej długości 00489nam a2200157 i 4500
001 - NUMER KONTROLNY REKORDU
pole kontrolne bgj
040 ## - ŹRÓDŁO KATALOGOWANIA
Instytucja, która utworzyła rekord BPK
041 0# - KOD JĘZYKA
Kod języka tekstu ger
008 - POLE O STAŁEJ DŁUGOŚCI - DANE KONTROLNE
podpole kontrolne o stałej długości s gw f |000 0 ger
100 1# - NAZWA OSOBOWA
Nazwa osobowa BECKER, Henrik.
245 10 - TYTUŁ/ODPOWIEDZIALNOŚĆ
Tytuł Bausteine zur deutschen Literaturgeschichte :
Ciąg dalszy tytułu Ältere deutsche Dichtung /
Pozostałe elementy strefy tytułu i oznaczenia odpowiedzialności Henrik Becker.
260 ## - STREFA ADRESU WYDAWNICZEGO
Miejsce wydania Halle (Saale) :
Nazwa wydawcy/dystrybutora Veb Max Niemeyer Verlag,
Data publikacji, dystrybucji/powstania dokumentu 1957.
300 ## - STREFA OPISU FIZYCZNEGO
Objętość IX, 401, [160] S. ;
Rozmiary 25 cm.
650 #9 - HASŁO PRZEDMIOTOWE W FORMIE NAZWY OGÓLNEJ LUB JEDNOSTKOWEJ
Nazwa ogólna lub geograficzna Deutsche Literatur
Określnik ogólny Geschichte und Kritik
856 ## - LOKALIZACJA I DOSTĘP DO ELEKTRONICZNYCH DOKUMENTÓW ZDALNYCH
Link (URL) http://koha.tu.koszalin.pl/cgi-bin/koha/opac-detail.pl?biblionumber=50312
Tekst linku Katalog online BPK
942 ## - DODATKOWE ELEMENTY (KOHA)
Typ dokumentu Książka
Egzemplarze
Wycofany Status egzemplarza Uszkodzony Dostępność Lokalizacja stała Lokalizacja bieżąca Miejsce przechowywania Sygnatura Kod kreskowy Typ dokumentu
      Tylko na miejscu Biblioteka Politechniki Koszalińskiej Biblioteka Politechniki Koszalińskiej Czytelnia Wydziałowa ul. Kwiatkowskiego 6e N 204 01580235 Książka
© 2023 Biblioteka Politechniki Koszalińskiej :: KOHA